La décentralisation des systèmes de santé

Uloženo v:
Podrobná bibliografie
Hlavní autor: WHO
Médium: Kniha
Jazyk:Undetermined
Vydáno: Genève WHO
Témata:
Tagy: Přidat tag
Žádné tagy, Buďte první, kdo otaguje tento záznam!
Thư viện lưu trữ: Trung tâm Học liệu Trường Đại học Cần Thơ
LEADER 00457nam a2200169Ia 4500
001 CTU_6939
008 210402s9999 xx 000 0 und d
082 |a 610.6 
082 |b W927 
100 |a WHO 
245 0 |a La décentralisation des systèmes de santé 
245 0 |c WHO 
260 |a Genève 
260 |b WHO 
650 |a medical policy 
904 |i Nguyễn Quang Điền, 960828 
980 |a Trung tâm Học liệu Trường Đại học Cần Thơ